• 首页
  • 本馆介绍
  • 公告通知
  • 最新文献
  • 馆藏检索
  • 电子资源
  • 读者导购
  • 参考咨询
  • 我的图书馆
  • 登录
  • 详细信息显示
  • 放入我的书架
  • 预约/预借图书
  • 作者相关作品
  • 分类相关作品
  • 丛书相关作品
  • 出版社相关作品

书目信息

  • 表格格式
  • 工作单格式
  • 卡片格式
题名:
正常人体结构
    
 
作者: 陈地龙 主编
分册:  
出版信息: 北京   人民卫生出版社  2016.8
页数: 16,251页
开本: 28cm
丛书名:
单 册:
中图分类: Q983
科图分类:
主题词: 人体结构--高等职业教育--教材
电子资源:
ISBN: 978-7-117-22801-5
000 00875nam0 2200241 450
001 0400001381
005 20171018102900.0
010    @a978-7-117-22801-5@dCNY60.00
100    @a20161108d2016 em y0chiy50 ea
101 0  @achi
102    @aCN@b110000
105    @aa z 000yy
106    @ar
200 1  @a正常人体结构@9zheng chang ren ti jie gou@f陈地龙主编
210    @a北京@c人民卫生出版社@d2016.8
215    @a16,251页@c图@d28cm
300    @a国家卫生和计划生育委员会“十三五”规划教材 四川重庆高等卫生职业教育规划教材 供护理、助产专业用
330    @a本书除绪论外共分11章,内容包括基本组织、运动系统、消化系统、呼吸系统、泌尿系统、生殖系统、脉管系统、感觉器、内分泌、神经系统、胚胎早期发育。
606 0  @a人体结构@x高等职业教育@j教材
690    @aQ983@v5
701  0 @a陈地龙@9chen di long@4主编
801  0 @aCN@b91MARC@c20171018
905    @b1025001-5@dQ983@f5@e47
    
    正常人体结构/陈地龙主编.-北京:人民卫生出版社,2016.8
    16,251页:图;28cm
    国家卫生和计划生育委员会“十三五”规划教材 四川重庆高等卫生职业教育规划教材 供护理、助产专业用
    
    ISBN 978-7-117-22801-5:CNY60.00
    本书除绪论外共分11章,内容包括基本组织、运动系统、消化系统、呼吸系统、泌尿系统、生殖系统、脉管系统、感觉器、内分泌、神经系统、胚胎早期发育。
●
相关链接 在E读中查询图书 在五车中查询图书 在当当中查询图书 在豆瓣中查询图书


正题名:正常人体结构     索取号:Q983/47         预约/预借

序号 登录号 条形码 馆藏地/架位号 状态 备注
1 1025001   210250011   第二样本阅览室/ [索取号:Q983/47] 在馆    
2 1025002   210250020   生命科学系资料室/ [索取号:Q983/47] 在馆    
3 1025003   210250039   第三借阅区/ [索取号:Q983/47] 在馆    
4 1025004   210250048   第三借阅区/ [索取号:Q983/47] 在馆    
5 1025005   210250057   第三借阅区/ [索取号:Q983/47] 在馆    
唐山师范学院图书馆 欢迎您!
大连网信软件有限公司© 版权所有